000 00762nam a2200241Ia 4500
003 OSt
005 20220923223443.0
006 a|||||r|||| 00| 0
007 ta
008 220922b |||||||| |||| 00| 0 hin d
024 _a215,980
037 _cTextual
040 _aARTS
_cARTS
_bhin
041 _2hin
_ahin
082 _aY5927:(Z), 152P2
100 _aपूरणमल
245 0 _aदलित संघर्ष और सामाजिक न्याय
246 _aDalit sangharṣha aur sāmājik nyāya
260 _aजयपुर
_b अविष्कार पब्लिशर्स
_c2002
300 _a174 पृ.
_ccm.
942 _hY5927:(Z), 152P2
_cTEXL
_2CC
999 _c365432
_d365432